Banks v Kokkinos and another. (Record no. 60454)
[ view plain ]
| 000 -LEADER | |
|---|---|
| fixed length control field | 01380cam a2200145 4500 |
| 001 - CONTROL NUMBER | |
| control field | ABS60808 |
| 008 - FIXED-LENGTH DATA ELEMENTS--GENERAL INFORMATION | |
| fixed length control field | 000000n1999 000 0 eng u |
| 035 ## - SYSTEM CONTROL NUMBER | |
| System control number | (Sirsi) u101303 |
| 245 ## - TITLE STATEMENT | |
| Title | Banks v Kokkinos and another. |
| 260 ## - PUBLICATION, DISTRIBUTION, ETC. | |
| Date of publication, distribution, etc. | 1999 |
| 490 ## - SERIES STATEMENT | |
| Series statement | Rent Review & Lease Renewal |
| Volume/sequential designation | (1999) RRLR 108-114(7) |
| 520 ## - SUMMARY, ETC. | |
| Summary, etc. | ChD 16 December 1998. The defendant (K) was tenant of a property with a 15 year lease which was subject to upwards only rent reviews with effect from 24 June 1994 and 1999. In the absence of agreement, the revised rent was to be determined by a valuer nominated by the President of the RICS on the application of the landlord made not more than six months before or at any time after the commencement of the relevant review period. The plaintiff landlord (B) acquired the freehold reversion in December 1996, with no step having been taken to implement the review of rent in June 1994. B proposed a rent of £25,500, however K disagreed. B failed to apply for the appointment of a valuer within the three month period specified. K asserted that time was of the essence in B's right to apply to the RICS for the appointment, and claimed that the initial rent could not now be increased. B disagreed. "Held" time was of the essence and the initial rent was payable for the first review period. |
| 690 ## - LOCAL SUBJECT ADDED ENTRY--TOPICAL TERM (OCLC, RLIN) | |
| Topical term or geographic name as entry element | LANDLORD AND TENANT-CASE LAW-RENT REVIEWS |
| 942 ## - ADDED ENTRY ELEMENTS (KOHA) | |
| Suppress in OPAC | 0 |
| Withdrawn status | Lost status | Source of classification or shelving scheme | Damaged status | Not for loan | Home library | Current library | Shelving location | Date acquired | Total Checkouts | Full call number | Barcode | Date last seen | Copy number | Price effective from | Koha item type |
|---|---|---|---|---|---|---|---|---|---|---|---|---|---|---|---|
| Dewey Decimal Classification | London | London | Journal article | 03/11/1999 | ABS60808 | 101303-1001 | 06/08/2019 | 1 | 06/08/2019 | Journal article |